Breve historia de la Revolución Mexicana : la etapa constitucionalista y la lucha de facciones

I tiakina i:
Ngā taipitopito rārangi puna kōrero
Kaituhi matua: Silva Herzog, Jesús (autor)
Hōputu: Pukapuka
Reo:Pāniora
I whakaputaina: México : Fondo de Cultura Económica, 1960, c1960
Ngā Tūtohu: Tāpirihia he Tūtohu
Kāore He Tūtohu, Me noho koe te mea tuatahi ki te tūtohu i tēnei pūkete!

MARC

LEADER 00000nam^a2200000^a^4500
001 000626687
005 20260220000000.0
009 20260310134039.293
037 |a Acervo ITESO - Biblioteca 
041 |a ESP 
091 |a FOB. 03845 
100 |a Silva Herzog, Jesús  |e (autor) 
245 1 0 |a Breve historia de la Revolución Mexicana :  |b la etapa constitucionalista y la lucha de facciones 
264 4 |a México :  |b Fondo de Cultura Económica,  |c 1960, c1960 
300 |a 294 p. 
336 |a texto  |b txt  |2 rdacontenido 
337 |a sin mediación  |b n  |2 rdamedio 
338 |a volumen  |b nc  |2 rdasoporte 
649 |a XX 
910 |a Fondo Carlos de Obeso Orendain 
920 |a Impresos - Libros 
930 |a Fondos Especiales 
905 |a 147 
901 |a 626687-10  |b IT2  |c ESP  |i D  |u 20260127 
902 |a https://opac.biblio.iteso.mx/vufind/Record/000626687